000 00724nam a2200229Ia 4500
003 OSt
005 20230410151013.0
008 210423s2018 xx 000 0 und d
020 _a978-81-265-7435-3
040 _cAL
041 _aeng
082 _a628.162
_223
_bSHAF
100 _aSHAMMAS (Nazih K);WANG (Lawrence K)
_985514
245 _aFair Geyer and Okuns water and wastewater engineering water supply and wastewater removal Ed 3
250 _a3
260 _aNew Delhi
_bWiley India Pvt Ltd
_c2018
300 _axxvii,824
_bPB
365 _b1575
_cINR
650 _aEnvironmental Engineering
_985515
906 _aengineering ; Fair ; Geyer ; Okuns ; removal ; supply ; wastewater ; water
942 _2ddc
_cBK
999 _c169563
_d169563